[Event "Mondiale Lampo FIDE 2022"]
[Site "Alma Ata"]
[Date "29.12.2022"]
[Round "9.77"]
[White "Uskov, Artem"]
[Black "Zverev, Lev"]
[Result "0-1"]
[WhiteTitle ""]
[BlackTitle ""]
[WhiteElo "2376"]
[BlackElo "2310"]
[WhiteFideId "34254854"]
[BlackFideId "24250775"]
[EventDate "29.12.2022"]

1. b3 d5 2. Bb2 Nf6 3. f4 c5 4. e3 Nc6 5. Nf3 e6 6. Bb5 Bd6 7. O-O O-O 8. Bxc6
bxc6 9. Ne5 Bxe5 10. fxe5 Nd7 11. Rf3 f6 12. exf6 Nxf6 13. Nc3 e5 14. Qe1 Bg4
15. Rf1 d4 16. Na4 Qd6 17. e4 c4 18. Qg3 Bh5 19. Rae1 Bg6 20. Qh4 Rf7 21. d3 c3
22. Bc1 Raf8 23. Rf2 Ne8 24. Ref1 Rxf2 25. Rxf2 Rxf2 26. Qxf2 Nf6 27. Bg5 h6 28.
Bh4 Ng4 29. Qe2 Nf6 30. h3 Kh7 31. Qf3 Nd7 32. g4 Qa3 33. Qd1 Qxa2 34. Be7 Bf7
35. Kf1 Nb6 36. Nc5 a5 37. Bd6 a4 38. bxa4 Nxa4 39. Nxa4 Qxa4 40. Bxe5 c5 41.
Qf3 Qxc2 42. Qxf7 Qxd3+ 43. Kg1 Qe3+ 44. Kh2 Qe2+ 45. Kg1 Qe3+ 46. Kh2 Qe2+ 47.
Kg1 Qe3+ 0-1

[Event "Mondiale Lampo FIDE 2022"]
[Site "Alma Ata"]
[Date "29.12.2022"]
[Round "9.78"]
[White "Degenbaev, Aziz"]
[Black "Kazakov, Konstantin"]
[Result "1-0"]
[BlackTitle ""]
[WhiteElo "2139"]
[BlackElo "2385"]
[WhiteFideId "13802640"]
[BlackFideId "13700898"]
[EventDate "29.12.2022"]

1. g3 Nf6 2. f4 c5 3. Bg2 d6 4. Nf3 Nc6 5. O-O g6 6. d3 Bg7 7. e4 Bg4 8. Qe1
Bxf3 9. Bxf3 Nd7 10. Na3 O-O 11. c3 Rb8 12. Nc2 Qc7 13. g4 b5 14. Bd2 a5 15. Rb1
b4 16. b3 bxc3 17. Bxc3 Bxc3 18. Qxc3 Nb4 19. Nxb4 axb4 20. Qb2 Qa5 21. h4 Ra8
22. Rf2 Qa3 23. Qc2 Ra5 24. Re1 Ra7 25. h5 e6 26. g5 Qa5 27. Bg4 Qd8 28. hxg6
hxg6 29. Rh2 e5 30. Kf2 exf4 31. Reh1 Qxg5 32. Bxd7 Rxd7 33. Rh8+ Kg7 34. Qb2+
Qe5 35. Qxe5+ dxe5 36. R1h7+ Kf6 37. Rxf8 Ra7 38. Kf3 Kg5 39. Rfxf7 Rxa2 40. Re7
Rb2 41. Rxe5+ Kf6 42. Rxc5 Rxb3 43. Kxf4 Rxd3 44. Rc6+ 1-0

[Event "Mondiale Lampo FIDE 2022"]
[Site "Alma Ata"]
[Date "29.12.2022"]
[Round "9.79"]
[White "Kostenko, Petr"]
[Black "Korelskiy, Egor"]
[Result "1-0"]
[WhiteTitle ""]
[BlackTitle ""]
[WhiteElo "2374"]
[BlackElo "2153"]
[WhiteFideId "13700669"]
[BlackFideId "34329064"]
[EventDate "29.12.2022"]

1. c4 e6 2. Nf3 d5 3. g3 c6 4. Bg2 Nf6 5. O-O Be7 6. d4 O-O 7. Nbd2 b6 8. Qc2
Bb7 9. e4 c5 10. exd5 exd5 11. dxc5 Bxc5 12. Nb3 Be7 13. Nh4 Qc8 14. Nf5 Re8 15.
Bg5 dxc4 16. Bxb7 Qxb7 17. Qxc4 Nbd7 18. Rae1 Bf8 19. Qd4 Ne4 20. Bf4 Ndf6 21.
f3 Rad8 22. Qc4 Nc5 23. Bg5 Nxb3 24. Bxf6 Rxe1 25. Nh6+ Kh8 26. Nxf7+ Qxf7 27.
Qxf7 Bc5+ 28. Kg2 Re2+ 29. Kh3 Rg8 30. axb3 gxf6 31. Qxf6+ Rg7 32. Rd1 h5 33.
Qh6+ Kg8 34. Rd8+ Kf7 35. Rd7+ Be7 36. f4 h4 37. Qh5+ Ke6 38. Rxe7+ Kxe7 39.
Qxe2+ Kf6 40. Qe5+ Kf7 41. f5 hxg3 42. hxg3 Rh7+ 43. Kg2 Rg7 44. Qe6+ Kf8 45. f6
Rc7 46. Qd6+ 1-0

[Event "Mondiale Lampo FIDE 2022"]
[Site "Alma Ata"]
[Date "29.12.2022"]
[Round "9.80"]
[White "Nissinen, Niilo Man"]
[Black "Utegaliyev, Azamat"]
[Result "0-1"]
[WhiteTitle ""]
[WhiteElo "1996"]
[BlackElo "2445"]
[WhiteFideId "30950767"]
[BlackFideId "13702467"]
[EventDate "29.12.2022"]

1. e4 Na6 2. d4 d6 3. Bxa6 bxa6 4. Nc3 g6 5. Nf3 Bg7 6. O-O Nf6 7. h3 O-O 8. e5
Nd7 9. Re1 Bb7 10. e6 Bxf3 11. Qxf3 fxe6 12. Qg4 e5 13. d5 Nf6 14. Qc4 Qc8 15.
Be3 Qb7 16. b3 Rac8 17. Rad1 Kh8 18. Ne4 c6 19. dxc6 Qxc6 20. Qxc6 Rxc6 21. Nxf6
Bxf6 22. c4 Ra8 23. Rd5 Kg8 24. Red1 Kf7 25. c5 Ke6 26. cxd6 exd6 27. f4 Rac8
28. fxe5 Bxe5 29. Bxa7 Rc2 30. R5d2 Bf4 31. Rd4 Be3+ 32. Kh1 Bxd4 33. Bxd4 Rc1 0-1

[Event "Mondiale Lampo FIDE 2022"]
[Site "Alma Ata"]
[Date "29.12.2022"]
[Round "9.81"]
[White "Tologon tegin, Semetei"]
[Black "Aleksandrov, Aleksej"]
[Result "0-1"]
[WhiteTitle ""]
[BlackTitle ""]
[WhiteElo "2394"]
[BlackElo "2495"]
[WhiteFideId "13800574"]
[BlackFideId "13500139"]
[EventDate "29.12.2022"]

1. e4 e5 2. Nc3 Nf6 3. f4 d5 4. fxe5 Nxe4 5. Nf3 Be7 6. Qe2 Nxc3 7. dxc3 c5 8.
Bf4 Nc6 9. O-O-O Be6 10. h4 h6 11. Qf2 Qa5 12. a3 O-O-O 13. Kb1 Rhg8 14. h5 d4
15. c4 Qa4 16. Nd2 Na5 17. Bd3 b5 18. cxb5 c4 19. Bxc4 Nxc4 20. Nxc4 Qxc4 21. b3
Qxb5 22. Rxd4 Bc5 23. Rxd8+ Rxd8 24. Qf3 Kc7 25. a4 Qc6 26. Qg3 Bf8 27. Qf2 Kb7
28. Bc1 Bc5 29. Qg3 Bd4 30. Bb2 Bxb2 31. Kxb2 Rd2 32. Rc1 Qxg2 33. Qf4 Qd5 34.
Qb4+ Ka6 35. Kb1 Bf5 36. Qe7 Qxb3+ 0-1

[Event "Mondiale Lampo FIDE 2022"]
[Site "Alma Ata"]
[Date "29.12.2022"]
[Round "9.82"]
[White "Haldorsen, Benjamin"]
[Black "Khusenkhojaev, Mustafokhuja"]
[Result "0-1"]
[WhiteTitle ""]
[WhiteElo "2449"]
[BlackElo "2265"]
[WhiteFideId "1512633"]
[BlackFideId "14700727"]
[EventDate "29.12.2022"]

1. e4 e5 2. Nf3 Nc6 3. Bc4 Bc5 4. d3 Nf6 5. c3 O-O 6. Bg5 h6 7. Bh4 Be7 8. Bg3
d6 9. Nbd2 Kh8 10. O-O Nh7 11. d4 exd4 12. cxd4 f5 13. exf5 Bxf5 14. Bd5 Nf6 15.
Bxc6 bxc6 16. Rc1 Rb8 17. b3 Qd7 18. Re1 Rfe8 19. Nh4 Bh7 20. Nc4 Nd5 21. Nf3
Nb4 22. Re2 Bf6 23. Rxe8+ Rxe8 24. a3 Nd3 25. Rc3 Qf5 26. Ne3 Qe4 27. Rc4 Nb2
28. Qd2 Nxc4 29. bxc4 Qb1+ 30. Qd1 Qxd1+ 31. Nxd1 Bxd4 32. h4 Bc5 33. a4 Bc2 34.
Nc3 Bb4 35. Na2 Ba5 36. c5 dxc5 37. Ne5 Bxa4 38. Kh2 Bb3 39. Nc1 c4 40. Nxc6 Bd2 0-1

[Event "Mondiale Lampo FIDE 2022"]
[Site "Alma Ata"]
[Date "29.12.2022"]
[Round "9.83"]
[White "Suleimen, Ergali"]
[Black "Uruci, Endrit"]
[Result "0-1"]
[BlackTitle ""]
[WhiteElo "2073"]
[BlackElo "2297"]
[WhiteFideId "13724452"]
[BlackFideId "22100199"]
[EventDate "29.12.2022"]

1. e4 c5 2. Nf3 Nc6 3. Bb5 g6 4. Bxc6 dxc6 5. d3 Bg7 6. h3 e5 7. Be3 b6 8. Nc3
Qd6 9. Qd2 h6 10. a4 a5 11. O-O Nf6 12. Nh2 Nd7 13. f4 exf4 14. Bxf4 Ne5 15. Nf3
g5 16. Bh2 Be6 17. Qf2 Nxf3+ 18. Qxf3 Qd4+ 19. Kh1 O-O 20. Rae1 c4 21. e5 cxd3
22. cxd3 Rad8 23. Re3 Bd5 24. Nxd5 Qxd5 25. Qxd5 Rxd5 26. e6 fxe6 27. Rxf8+ Kxf8
28. Rxe6 Rxd3 29. Bg1 Rd1 30. Kh2 b5 31. Bc5+ Kf7 32. Re7+ Kg6 33. Re6+ Kf5 34.
Rxc6 Be5+ 35. g3 bxa4 36. Kg2 Bxb2 37. Ra6 Bc3 38. g4+ Ke5 39. Bf8 Rd2+ 40. Kf3
Rd3+ 41. Kg2 Kd5 42. Bxh6 a3 43. Bg7 0-1

[Event "Mondiale Lampo FIDE 2022"]
[Site "Alma Ata"]
[Date "29.12.2022"]
[Round "9.84"]
[White "Shishkov, Andrei"]
[Black "Mamatov, Melis"]
[Result "1-0"]
[WhiteTitle ""]
[BlackTitle ""]
[WhiteElo "2340"]
[BlackElo "2399"]
[WhiteFideId "4500563"]
[BlackFideId "13800027"]
[EventDate "29.12.2022"]

1. d4 d5 2. c4 c6 3. e3 Nf6 4. Nc3 Bf5 5. Nf3 e6 6. Nh4 Bg6 7. Qb3 b6 8. Nxg6
hxg6 9. Bd2 Bd6 10. h3 O-O 11. Be2 a5 12. cxd5 exd5 13. O-O Re8 14. Rfc1 b5 15.
Qd1 Ra7 16. Bf3 a4 17. Ne2 Ne4 18. Bxe4 Rxe4 19. Qe1 g5 20. Bb4 Bxb4 21. Qxb4 g4
22. Ng3 gxh3 23. Nxe4 dxe4 24. Qc5 Rd7 25. Qf5 hxg2 26. Qxe4 Rd6 27. Kxg2 Re6
28. Qf5 Rf6 29. Qe4 Re6 30. Qd3 Nd7 31. Rh1 Qg5+ 32. Kf1 Nf6 33. Rg1 Qh5 34. Qe2
Qh3+ 35. Ke1 Qh2 36. Qf1 Ne4 37. Qg2 Qh6 38. Ke2 Nd6 39. Rh1 Qf6 40. Rag1 Nf5
41. Kd1 Rxe3 42. Qg4 Rd3+ 43. Kc1 Rxd4 44. Qh3 Nh6 45. Rd1 Qg5+ 46. Kb1 Qg6+ 47.
Ka1 Rd6 48. Rxd6 Qxd6 49. Qe3 Nf5 50. Qe8+ 1-0

[Event "Mondiale Lampo FIDE 2022"]
[Site "Alma Ata"]
[Date "29.12.2022"]
[Round "9.86"]
[White "Elier, Ali"]
[Black "Sapenov, Daniyal"]
[Result "0-1"]
[BlackTitle ""]
[WhiteElo "2165"]
[BlackElo "2323"]
[WhiteFideId "16217543"]
[BlackFideId "13728911"]
[EventDate "29.12.2022"]

1. e4 e5 2. Nf3 Nc6 3. Nc3 Nf6 4. d4 exd4 5. Nd5 Be7 6. Bc4 O-O 7. O-O Nxe4 8.
Re1 Nf6 9. Nxe7+ Nxe7 10. Qxd4 d6 11. Bg5 Ng6 12. h4 h6 13. h5 Ne5 14. Nxe5 dxe5
15. Qxd8 Rxd8 16. Bh4 Re8 17. Bxf6 gxf6 18. Re3 Bf5 19. Rf3 Be6 20. Bd3 Kg7 21.
Rg3+ Kf8 22. Re1 Rad8 23. Kh2 Rd6 24. Rf3 Bg4 25. Rg3 Bxh5 26. Rh3 Bg6 27. Bxg6
fxg6 28. Rxh6 Kg7 29. Rh3 Rh8 30. Re2 Rxh3+ 31. Kxh3 b6 32. f3 a5 33. Kg3 Kf7
34. Kf2 Ke6 35. Ke3 f5 36. Re1 f4+ 37. Ke2 Kf5 38. Rh1 e4 39. fxe4+ Kxe4 40. Rh8
g5 41. Re8+ Kf5 42. Re7 Re6+ 43. Rxe6 Kxe6 44. Kf3 Kf5 45. c3 g4+ 46. Kf2 Ke4
47. Ke2 a4 48. b3 axb3 49. axb3 f3+ 50. gxf3+ gxf3+ 51. Kf2 Kd3 52. Kxf3 Kxc3
53. Ke4 Kxb3 54. Ke3 c5 55. Kd2 b5 56. Kc1 b4 57. Kb1 0-1

[Event "Mondiale Lampo FIDE 2022"]
[Site "Alma Ata"]
[Date "29.12.2022"]
[Round "9.87"]
[White "Amangeldy, Ernur"]
[Black "Everett, Elijah"]
[Result "0-1"]
[WhiteElo "2097"]
[BlackElo "2202"]
[WhiteFideId "13720244"]
[BlackFideId "12973696"]
[EventDate "29.12.2022"]

1. d4 Nf6 2. Nc3 d5 3. Bf4 g6 4. e3 Bg7 5. Nf3 O-O 6. Be2 c5 7. O-O Nc6 8. Ne5
cxd4 9. exd4 Bf5 10. Nxc6 bxc6 11. Be5 Nd7 12. Bxg7 Kxg7 13. Bd3 Bxd3 14. Qxd3
e5 15. dxe5 Nxe5 16. Qd4 Qf6 17. Rad1 Rab8 18. b3 a5 19. Rfe1 Rfe8 20. f4 Nf3+
21. gxf3 Rxe1+ 22. Kf2 Rxd1 23. Qxf6+ Kxf6 24. Nxd1 d4 25. Nb2 Kf5 26. Nd3 f6
27. h3 a4 28. bxa4 Ra8 29. Nc5 Kxf4 30. h4 Ra5 31. Ne6+ Ke5 32. Nd8 Kd5 33. Nf7
Rxa4 34. Nh6 Rxa2 35. Ng4 Rxc2+ 36. Kg3 Ke6 37. Nh6 d3 0-1

[Event "Mondiale Lampo FIDE 2022"]
[Site "Alma Ata"]
[Date "29.12.2022"]
[Round "10.1"]
[White "Carlsen, Magnus"]
[Black "Mamedyarov, Shakhriyar"]
[Result "1/2-1/2"]
[WhiteTitle ""]
[BlackTitle ""]
[WhiteElo "2859"]
[BlackElo "2740"]
[WhiteFideId "1503014"]
[BlackFideId "13401319"]
[EventDate "29.12.2022"]

1. e4 e5 2. Nf3 Nc6 3. Bb5 a6 4. Ba4 Nf6 5. O-O Nxe4 6. Re1 Nc5 7. Bxc6 dxc6 8.
Nxe5 Be7 9. d4 Ne6 10. Be3 O-O 11. c4 Bf6 12. Nc3 c5 13. Nd5 cxd4 14. Bxd4 Nxd4
15. Qxd4 Be6 16. Nxf6+ Qxf6 17. Rad1 Rad8 18. Qc5 Rxd1 19. Rxd1 Rd8 20. Rf1 c6
21. b3 h6 22. Qe3 Qf5 23. h3 Qc2 24. Qb6 Rd1 25. Rxd1 Qxd1+ 26. Kh2 Qd6 27. f4
f6 28. Nf3 Qxf4+ 29. Kh1 Bxh3 30. Qxb7 Qg3 31. gxh3 Qxf3+ 32. Kh2 Qf2+ 33. Kh1
Qf1+ 34. Kh2 Qe2+ 35. Kg3 Qxa2 36. Qc8+ Kf7 37. Qd7+ Kg6 38. Qg4+ 1/2-1/2

[Event "Mondiale Lampo FIDE 2022"]
[Site "Alma Ata"]
[Date "29.12.2022"]
[Round "10.4"]
[White "Fedoseev, Vladimir3"]
[Black "Giri, Anish"]
[Result "1/2-1/2"]
[WhiteTitle ""]
[BlackTitle ""]
[WhiteElo "2688"]
[BlackElo "2764"]
[WhiteFideId "24130737"]
[BlackFideId "24116068"]
[EventDate "29.12.2022"]

1. d4 Nf6 2. c4 g6 3. Nc3 d5 4. cxd5 Nxd5 5. e4 Nxc3 6. bxc3 Bg7 7. Bb5+ c6 8.
Ba4 O-O 9. Nf3 c5 10. O-O Bg4 11. Rb1 cxd4 12. cxd4 Nc6 13. Bxc6 bxc6 14. Be3
Bxf3 15. Qxf3 Bxd4 16. Rfd1 c5 17. Rb7 Qd6 18. h4 h5 19. g4 hxg4 20. Qxg4 Qc6 1/2-1/2

[Event "Mondiale Lampo FIDE 2022"]
[Site "Alma Ata"]
[Date "29.12.2022"]
[Round "10.6"]
[White "Ghasi, Ameet K"]
[Black "Caruana, Fabiano"]
[Result "0-1"]
[WhiteTitle ""]
[BlackTitle ""]
[WhiteElo "2471"]
[BlackElo "2766"]
[WhiteFideId "409200"]
[BlackFideId "2020009"]
[EventDate "29.12.2022"]

1. Nf3 d5 2. g3 g6 3. Bg2 Bg7 4. O-O Nf6 5. d3 c5 6. Nbd2 Nc6 7. e4 O-O 8. Re1
e5 9. exd5 Nxd5 10. Nc4 Re8 11. c3 h6 12. Qb3 Nc7 13. Be3 b6 14. Nh4 Re6 15. f4
Bd7 16. Nxe5 Nxe5 17. fxe5 Rc8 18. d4 cxd4 19. cxd4 Bc6 20. Nf3 Re7 21. Rac1 Bd5
22. Qa3 a5 23. Qd6 Rb8 24. Qxd8+ Rxd8 25. a3 Ne6 26. Red1 Red7 27. Bf2 Bf8 28.
Rc3 b5 29. Rcc1 Kg7 30. Rd2 b4 31. axb4 Bxb4 32. Rdd1 g5 33. h3 Be7 34. Ra1 a4
35. Rxa4 Bb3 36. Rda1 Bxa4 37. Rxa4 Rb8 38. Ra2 h5 39. g4 h4 40. Bf1 Rb3 41. Nd2
Rb4 42. Nf3 Nf4 43. Be3 Rb3 44. Kf2 Rdb7 45. Bxf4 gxf4 46. Bc4 Rxb2+ 47. Rxb2
Rxb2+ 48. Kf1 Bd8 49. Bd3 Bb6 50. d5 Rf2+ 0-1

[Event "Mondiale Lampo FIDE 2022"]
[Site "Alma Ata"]
[Date "29.12.2022"]
[Round "10.7"]
[White "Artemiev, Vladislav"]
[Black "Lazavik, Denis"]
[Result "1/2-1/2"]
[WhiteTitle ""]
[BlackTitle ""]
[WhiteElo "2701"]
[BlackElo "2537"]
[WhiteFideId "24101605"]
[BlackFideId "13515110"]
[EventDate "29.12.2022"]

1. Nf3 d5 2. g3 Nf6 3. Bg2 e6 4. O-O Be7 5. c4 O-O 6. b3 c5 7. cxd5 Nxd5 8. Bb2
Nc6 9. d4 cxd4 10. Nxd4 Bd7 11. Na3 Nxd4 12. Qxd4 Bf6 13. Qd2 Bc6 14. Rfd1 Qe7
15. Nc4 Rfd8 16. Ne5 Bxe5 17. Bxe5 f6 18. Bb2 Nb4 19. Qf4 Bxg2 20. Kxg2 Nc6 21.
Qc4 Qf7 22. Bc3 e5 23. Qe4 Rxd1 24. Rxd1 Rd8 25. Rxd8+ Nxd8 26. Qd3 Nc6 27. e4
Qe6 28. Bd2 Kf7 29. Be3 a6 30. h3 h5 31. Qd1 Kg6 32. Qd3 Kf7 33. Qe2 Kg6 34. Qd1
Qe7 35. Qd5 Qf7 36. Qd3 Qe7 37. f4 Kf7 38. f5 g6 39. Qd1 Kg7 40. fxg6 Kxg6 41.
g4 Qh7 42. Qf3 hxg4 43. Qxg4+ Kf7 44. Qd7+ Kg6 45. Qf5+ Kg7 46. Qxh7+ Kxh7 47.
Kf3 Kg6 48. Kg4 Nb4 49. Bd2 Nd3 50. Be3 Nb4 51. h4 Nxa2 52. Bd2 b6 53. h5+ Kf7
54. Kf5 a5 55. h6 b5 56. Bxa5 Nc1 57. b4 Ne2 58. h7 Nd4+ 59. Kg4 Kg7 60. Bd8
Kxh7 61. Bxf6 Nc6 62. Kf5 Nxb4 63. Kxe5 Kg6 64. Ke6 Nd3 65. Bd4 b4 66. e5 Nxe5 1/2-1/2

[Event "Mondiale Lampo FIDE 2022"]
[Site "Alma Ata"]
[Date "29.12.2022"]
[Round "10.8"]
[White "Rapport, Richard"]
[Black "Mamedov, Rauf"]
[Result "1-0"]
[WhiteTitle ""]
[BlackTitle ""]
[WhiteElo "2740"]
[BlackElo "2646"]
[WhiteFideId "738590"]
[BlackFideId "13401653"]
[EventDate "29.12.2022"]

1. e4 c5 2. Nf3 Nc6 3. Bb5 g6 4. Bxc6 dxc6 5. d3 Bg7 6. a4 a5 7. O-O Nf6 8. Re1
Bg4 9. Nbd2 Nd7 10. h3 Bxf3 11. Nxf3 e5 12. Bg5 Qc7 13. Qc1 Nf8 14. Bh6 f6 15.
Be3 Ne6 16. c3 Rd8 17. Qc2 O-O 18. Rad1 f5 19. Qb3 Qf7 20. Qb6 f4 21. Bxc5 Rfe8
22. d4 g5 23. dxe5 Rxd1 24. Rxd1 h5 25. Nd4 Nxc5 26. Qxc5 Rxe5 27. Qd6 Rxe4 28.
Qd8+ Kh7 29. Qxg5 Qg6 30. Nf3 Rxa4 31. Qe7 Qf5 32. Rd7 Ra1+ 33. Kh2 Qg6 34. Nh4 1-0

[Event "Mondiale Lampo FIDE 2022"]
[Site "Alma Ata"]
[Date "29.12.2022"]
[Round "10.9"]
[White "Indjic, Aleksandar"]
[Black "Yu, Yangyi"]
[Result "1/2-1/2"]
[WhiteTitle ""]
[BlackTitle ""]
[WhiteElo "2636"]
[BlackElo "2728"]
[WhiteFideId "911925"]
[BlackFideId "8603820"]
[EventDate "29.12.2022"]

1. d4 Nf6 2. c4 e6 3. Nc3 Bb4 4. Qc2 d5 5. cxd5 exd5 6. Bg5 h6 7. Bh4 Nc6 8. e3
g5 9. Bg3 h5 10. Bd3 h4 11. Be5 Rh6 12. h3 Qe7 13. Bxf6 Rxf6 14. Ne2 Be6 15. a3
Bd6 16. f3 O-O-O 17. O-O-O Kb8 18. Kb1 Na5 19. b4 Nc4 20. Bxc4 dxc4 21. e4 Bg3
22. Nxg3 hxg3 23. d5 Bd7 24. Qe2 a5 25. Qxc4 Rb6 26. Rd4 axb4 27. axb4 Rc8 28.
Qb3 c5 29. dxc6 Rbxc6 30. Nd5 Qe5 31. Rd2 Be6 32. Qb2 Qxb2+ 33. Kxb2 Rc4 34. Kb3
Rc3+ 35. Kb2 R3c4 36. Ka3 f5 37. Re1 f4 38. Red1 Rc2 39. Kb3 R8c3+ 40. Ka4 Bd7+
41. b5 Rc4+ 42. Kb3 Rxd2 43. Rxd2 Bxb5 44. Nc3 Ba6 45. Rd5 Rc8 46. Rxg5 Bf1 47.
Nd5 Bxg2 48. Nxf4 Bxf3 49. Rxg3 Bxe4 50. Kb4 Rf8 51. Ne6 Re8 52. Nd4 Rh8 53. Re3
Bg2 54. Nb5 Bxh3 55. Nd6 Bd7 56. Re7 Bc6 57. Kc5 Ka7 58. Nb5+ Ka6 59. Nc7+ Ka5
60. Ne6 Rh5+ 61. Kd4 Rd5+ 62. Kc4 Re5 63. Kd4 Re1 64. Kc5 Re5+ 65. Kd4 Rd5+ 66.
Kc4 b5+ 67. Kc3 Re5 68. Nd4 b4+ 69. Kb2 Rxe7 70. Nxc6+ Ka4 71. Nxe7 b3 1/2-1/2

[Event "Mondiale Lampo FIDE 2022"]
[Site "Alma Ata"]
[Date "29.12.2022"]
[Round "10.10"]
[White "Nepomniachtchi, Ian"]
[Black "Harikrishna, Pentala"]
[Result "1/2-1/2"]
[WhiteTitle ""]
[BlackTitle ""]
[WhiteElo "2793"]
[BlackElo "2705"]
[WhiteFideId "4168119"]
[BlackFideId "5007003"]
[EventDate "29.12.2022"]

1. e4 c5 2. Nf3 e6 3. d4 cxd4 4. Nxd4 Nc6 5. Nc3 Qc7 6. g4 a6 7. Be3 Nxd4 8.
Qxd4 b5 9. O-O-O Bb7 10. f3 Rc8 11. Qd2 Bb4 12. Kb1 Bxc3 13. bxc3 Nf6 14. g5 Nh5
15. Bh3 Qxc3 16. Qxd7+ Kf8 17. Qd6+ Ke8 18. Bd4 Qc6 19. Qa3 Nf4 20. Bxg7 Rg8 21.
Bf6 Qc7 22. Rd2 Nxh3 23. Rhd1 Nxg5 24. Qd3 Bd5 25. exd5 Rg6 26. dxe6 Nxe6 27.
Qf5 Qc4 28. Bb2 Kf8 29. Qe5 Ke7 30. Rd7+ Kf8 31. Qh8+ Rg8 32. Qxh7 Nc5 33. Qh6+
Ke8 34. Qe3+ Ne6 35. R7d2 Qc5 36. Qe4 Qc6 37. Qe5 Qc7 38. Qf5 Qe7 39. a3 Rg6 40.
Rd7 Qf8 41. Qe4 Qc5 42. R7d5 Rg1 43. Rxg1 Qxg1+ 44. Ka2 Qxh2 45. Rg5 Qxc2 46.
Rg8+ Kd7 47. Qd5+ Ke7 48. Rg4 Qc6 49. Qe5 Kd7 50. Qf6 Qd5+ 51. Kb1 Qd1+ 52. Ka2
Qd5+ 53. Ka1 Qd1+ 54. Ka2 Qd5+ 1/2-1/2

[Event "Mondiale Lampo FIDE 2022"]
[Site "Alma Ata"]
[Date "29.12.2022"]
[Round "10.11"]
[White "Vachier-Lagrave, Maxime"]
[Black "Paravyan, David"]
[Result "1/2-1/2"]
[WhiteTitle ""]
[BlackTitle ""]
[WhiteElo "2737"]
[BlackElo "2586"]
[WhiteFideId "623539"]
[BlackFideId "4194985"]
[EventDate "29.12.2022"]

1. e4 e5 2. Nf3 Nf6 3. Nxe5 d6 4. Nf3 Nxe4 5. d3 Nf6 6. d4 g6 7. Bd3 Bg7 8. O-O
O-O 9. Re1 c5 10. dxc5 dxc5 11. Nc3 Nc6 12. Bf4 b6 13. Nb5 Bb7 14. Nd6 Qd7 15.
Bb5 Rad8 16. c3 Nh5 17. Nxb7 Qxb7 18. Qa4 Nxf4 19. Qxf4 a6 20. Ba4 b5 21. Bc2
Rfe8 22. h4 Qb8 23. Qg5 Ne5 24. Nxe5 Bxe5 25. h5 Bf4 26. Qxc5 Re5 27. Rxe5 Qxe5
28. Qxe5 Bxe5 29. Re1 Bf6 30. hxg6 hxg6 31. Re2 Kf8 32. g3 Re8 33. Rd2 Rd8 34.
Bd3 a5 35. Kf1 b4 36. cxb4 axb4 37. Ke2 Rc8 38. Be4 Rc1 39. Kf3 Ra1 40. Rd7 Bxb2
41. Bd5 f5 42. Rf7+ Ke8 43. Rb7 Bc3 44. Kf4 Rd1 45. Bf7+ Kd8 46. Bxg6 Rd2 47. f3
Rxa2 48. Bxf5 Rg2 49. g4 Rg1 50. Be6 Re1 51. Bc4 Kc8 52. Rb5 Kc7 53. g5 Kc6 54.
Kf5 Re8 55. f4 Bd2 56. Kg4 Rd8 57. Re5 Rd4 58. Bb5+ Kb6 59. Ba4 Bxf4 60. Rf5
Bd2+ 61. Kh5 Rc4 62. g6 Bc3 63. Rb5+ Kc7 64. Bb3 Rf4 65. Kh6 Rh4+ 66. Kg5 Rh1
67. Rf5 Kd6 68. Rf3 Rg1+ 69. Kf5 Kc5 70. Rd3 Rf1+ 71. Ke6 Rf6+ 72. Kd7 Rxg6 73.
Rd5+ Kb6 74. Rd6+ 1/2-1/2

[Event "Mondiale Lampo FIDE 2022"]
[Site "Alma Ata"]
[Date "29.12.2022"]
[Round "10.13"]
[White "Matlakov, Maxim"]
[Black "Daneshvar, Bardiya"]
[Result "1-0"]
[WhiteTitle ""]
[BlackTitle ""]
[WhiteElo "2662"]
[BlackElo "2500"]
[WhiteFideId "4168003"]
[BlackFideId "12576468"]
[EventDate "29.12.2022"]

1. d4 Nf6 2. c4 e6 3. g3 Bb4+ 4. Bd2 Be7 5. Bg2 d5 6. Nf3 O-O 7. O-O c6 8. Qc2
b6 9. Bf4 Nbd7 10. Nbd2 Nh5 11. e3 Bb7 12. cxd5 Nxf4 13. exf4 cxd5 14. Rfc1 Rc8
15. Qa4 a6 16. Bf1 b5 17. Qd1 Qb6 18. Bd3 Bf6 19. Nb3 a5 20. Ne5 Nxe5 21. fxe5
Be7 22. Rxc8 Rxc8 23. Nc1 b4 24. Ne2 Ba6 25. h4 a4 26. b3 a3 27. Bxa6 Qxa6 28.
Rc1 Rxc1 29. Nxc1 Qc6 30. Ne2 g6 31. Qd3 Kg7 32. Kg2 Kg8 33. h5 Kg7 34. Qd2 Bf8
35. g4 Kg8 36. h6 Qc8 37. Nc1 Qc3 38. Qxc3 bxc3 39. g5 c2 40. Kf1 Bb4 41. Ke2
Bc3 42. Kd3 Bb2 43. Kxc2 Bxd4 44. f4 Kf8 45. b4 Ke7 46. Kb3 Kd7 47. Kxa3 Kc6 48.
Kb3 Be3 49. Nd3 Kb5 50. a4+ Ka6 51. Kc2 Kb6 52. Kb3 Kc6 53. Kc3 Kb6 54. Kb2 Kc6
55. Ka2 Kb6 56. Ka3 Kc6 57. Kb3 Kb6 58. Kc2 Kc6 59. Kd1 Kb6 60. Ke2 Bd4 61. Kd2
Bg1 62. Ke2 Bd4 63. Nf2 Bc3 64. Ng4 Bxb4 65. Nf6 Kc7 66. Nxh7 Kd8 67. Nf6 Bf8
68. a5 Kc7 69. a6 Kc6 70. Ne8 1-0

[Event "Mondiale Lampo FIDE 2022"]
[Site "Alma Ata"]
[Date "29.12.2022"]
[Round "10.14"]
[White "Moussard, Jules"]
[Black "Sadhwani, Raunak"]
[Result "1/2-1/2"]
[WhiteTitle ""]
[BlackTitle ""]
[WhiteElo "2684"]
[BlackElo "2627"]
[WhiteFideId "642908"]
[BlackFideId "35093487"]
[EventDate "29.12.2022"]

1. e4 e5 2. Nf3 Nc6 3. Bc4 Nf6 4. d3 Bc5 5. Nc3 h6 6. O-O a6 7. a4 O-O 8. Be3
Bxe3 9. fxe3 d6 10. Qe1 Be6 11. b3 Nb8 12. Nh4 Nbd7 13. Nf5 Kh7 14. Qh4 b6 15.
Rf3 Bxf5 16. Rxf5 c6 17. b4 b5 18. Bb3 a5 19. bxa5 Qxa5 20. Qe1 Nc5 21. Rf1 bxa4
22. Bxa4 Qb6 23. Qd2 Rfb8 24. h3 Qc7 25. Ra2 Ra5 26. Rfa1 Rba8 27. Bb3 Nxb3 28.
cxb3 Rxa2 29. Rxa2 Rb8 30. Rb2 d5 31. exd5 cxd5 32. Ne2 Qb6 33. b4 Ne8 34. Kh2
Nd6 35. Ng3 Qc7 36. Rc2 Qe7 37. Rc5 Qe6 38. e4 dxe4 39. dxe4 Ne8 40. b5 Nf6 41.
Qc3 Re8 42. Rc6 Qd7 43. b6 Rb8 44. Qxe5 Qd8 45. Rc7 Rxb6 46. Rxf7 Qb8 47. Qxb8
Rxb8 48. e5 Ne8 49. Rf8 Ra8 50. Nf5 Nc7 51. Rxa8 Nxa8 52. e6 Nc7 53. e7 Ne8 54.
Kg3 Kg6 55. Nd4 Kf6 56. Nc6 Ke6 57. Kf4 Kd6 58. Ne5 Kxe7 59. Kf5 Kf8 60. Ke6
Nc7+ 61. Kd6 Ne8+ 62. Ke6 Nc7+ 63. Kf5 Nd5 64. g4 Kg8 65. h4 Ne3+ 66. Ke6 Ng2
67. h5 Ne3 68. Ke7 Nd5+ 69. Ke6 Ne3 1/2-1/2